<The> practice of social research

Saved in:
Bibliographic Details
Main Author: Babbie, Earl
Format: Book
Language:English
Published: Boston Wadsworth Cengage Learning 2013
Edition:13th ed.
Subjects:
Tags: Add Tag
No Tags, Be the first to tag this record!

MARC

LEADER 00000nam a2200000 4500
001 0211995
005 20240306140411.4
020 |a 978-1-133-05009-4 
020 |a 1-133-05009-3 
041 0 |a eng 
044 |a US 
245 1 0 |a <The> practice of social research  |c Earl Babbie 
250 |a 13th ed. 
264 1 |a Boston  |b Wadsworth Cengage Learning  |c 2013 
300 |a 584 s. 
610 2 0 |a veda 
610 2 0 |a sociológia 
610 2 0 |a výskum sociologický 
610 2 0 |a etika 
610 2 0 |a politika 
610 2 0 |a experimenty 
610 2 0 |a paradigma 
610 2 0 |a metódy kvantitatívne 
610 2 0 |a kvalita 
610 2 0 |a analýzy 
610 2 0 |a analýza štatistická 
610 2 0 |a metódy štatistické 
100 1 |a Babbie, Earl